01053nac a22002657a 4500001001000000003000900010005001700019008003400036040005400070072000800124100001800132100002200150100001700172110006300189245016600252246015300418260003600571300000900607490008200616650001300698650002200711650001900733650001400752650002100766BR8300565BR-BrBNA20240105115615.0230509b bl.|||m| |||| 00| 0 por d aBR-BrBNAbporcBiblioteca Nacional de Agricultura aH201 aHenning, A.A.1 aFranca Neto, J.B.1 aHomechin, M.1 aCentro Nacional de Pesquisa de Soja, Londrina, PR (Brasil)1 aControle de Sclerotinia sclerotiorum (Lib.)de Bary e Alternaria spp. em sementes de girassol Helianthus annuus (L.)[podridao da haste, mancha purpura, fungicida]1 aControl of Sclerotinia sclerotiorum (Lib.)de Bary and Alternaria spp. in seeds of sunflower Helianthus annuus (L.)[stem rot, purple spot, fungicide]3 aLondrina, PR (Brasil): c1982.  a4 p. aPesquisa em Andamento - Centro Nacional de Pesquisa de Soja (Brazil)vno. 4x aGIRASSOL aPODRIDAO DA HASTE aMANCHA PURPURA aFUNGICIDA aCONTROLE QUIMICO